书目信息 |
| 题名: |
质谱学及其在无机分析中的应用
|
|
| 作者: | 周华 编著 | |
| 分册: | ||
| 出版信息: | 北京 科学出版社 1986 |
|
| 页数: | 443页 | |
| 开本: | 26cm | |
| 丛书名: | ||
| 单 册: | ||
| 中图分类: | O653 | |
| 科图分类: | ||
| 主题词: | 质谱学-应用-无机分析 , 无机分析-质谱学-应用 , 分析化学 , 分析(化学) | |
| 电子资源: | ||
| ISBN: | ||
| 000 | 00750nam0 2200277 45 | |
| 001 | 0186011367 | |
| 005 | 20040519152901.1 | |
| 010 | @dCNY6.95 | |
| 091 | @a13031.3336 | |
| 100 | @a19900818d1986 emky0chiy0121 ea | |
| 101 | 0 | @achi |
| 102 | @aCN@b110000 | |
| 105 | @ay z 000yy | |
| 106 | @ar | |
| 200 | 10 | @a质谱学及其在无机分析中的应用@Azhi pu xue ji qi zai wu ji fen xi zhong de ying yong@f周华编著 |
| 210 | @a北京@c科学出版社@d1986 | |
| 215 | @a443页@d26cm | |
| 606 | @a质谱学-应用-无机分析 | |
| 606 | @a无机分析-质谱学-应用 | |
| 606 | 0 | @a分析化学 |
| 606 | 0 | @a分析(化学) |
| 690 | @aO653 | |
| 701 | 0 | @a周华@Azhou hua@4编著 |
| 801 | 0 | @aCN@b深圳图书馆@c20040519 |
| 801 | 2 | @aCN@bNLC@c20040519 |
| 905 | @f1@b166385@dO653@e22 | |
| 质谱学及其在无机分析中的应用/周华编著.-北京:科学出版社,1986 |
| 443页;26cm |
| ISBN :CNY6.95 |
| ● |
| 相关链接 |
|
|
|
|
正题名:质谱学及其在无机分析中的应用
索取号:O653/22
 
预约/预借
| 序号 | 登录号 | 条形码 | 馆藏地/架位号 | 状态 | 备注 |
| 1 | 0166385 | 000632836 | 第三借阅区/ [索取号:O653/22] | 在馆 | |
| 2 | 0166386 | 202101126 | 第二样本阅览室/ [索取号:O653/22] | 在馆 |